000 00327nam a22001457a 4500
003 OSt
005 20231026045356.0
008 231026b |||||||| |||| 00| 0 eng d
040 _cIIMT UNIVERSITY
100 _aGEETA, PRESS
245 _aGEETAWALI
260 _aGORAKHPUR
_bGEETA PRESS
_cNA
300 _a444
942 _2ddc
_c09
999 _c57529
_d57529